Регионална библиотека "Любен Каравелов" - Русе

Предприемачество и предприемачески проекти (Запис номер 75513)

MARC детайли
000 -Лидер
Контролно поле с фиксирана дължина 01582nam a2200349 c 4500
003 - Код на организацията, давaща контролен номер
Контролно поле BLK
005 - Дата и час на последна редакция
Контролно поле 20210911160930.0
008 - Елементи от данни с фиксирана дължина
fixed length control field 180408b bul|||||r ||||||| ||bul||
010 ## - Наследен системен номер
LC control number KNG00079931000
020 ## - Международен стандартен номер на книга ISBN
Международен стандартен номер на книга ISBN 978-954-535-483-0
-- издат.: Нов бълг. унив.
040 ## - Източник на каталожния запис
Идентификатор на билиотеката - собственик на записа BLK
041 ## - Код за език
Код за езика на текст/звукозапис или на отделно заглавие Български
Код за езика КДБФ Български
080 ## - УДК
Текстов определител УДК Икономическо положение. Икономическа политика. Управление. Планиране. Производство. Услуги. Цени
УДК код - определител по УДК 338
УДК определител (075.8)
УДК - код + определител 338(075.8)
080 ## - УДК
Текстов определител УДК Форми на предприятията в зависимост от отношението към собствеността...
УДК код - определител по УДК 334.72
УДК определител .008(075.8)
УДК - код + определител 334.72.008(075.8)
100 1# - Редна дума - Автор
Автор Дойков, Деян Генов
Авторска отговорност първи автор
R(LIN) 257003
139 ## - Редно поле
Редна дума Дойков, Деян Генов
Авторски знак Дои - Д 71
245 10 - Сведения за заглавието
Заглавие Предприемачество и предприемачески проекти
Редно поле (дума) Деян Генов Дойков.
257 ## - Страна на издаване
Страна на създаване/издаване България
260 ## - Област на издателските данни
-- София
Име на издателя, разпространителя и проч. Нов бълг. унив.
Година на издаване 2007
300 ## - Физическа характеристика
Страници 584 с.
Размери/Мащаб 23 см
380 ## - Жанр
Жанр Обществени науки
500 ## - Общи забележки
Забележка Офс. изд. - Библиогр. с. 562-566.
650 #4 - Допълнително описание по предмет – тема
Основно описание – тема или топоним Предприемачество
9 (RLIN) 167569
650 #4 - Допълнително описание по предмет – тема
Основно описание – тема или топоним Стопански предприятия - организация и управление
9 (RLIN) 262378
653 ## - Ключова дума – ненормативна
Ключова дума предприемачество
653 ## - Ключова дума – ненормативна
Ключова дума учебници за ВУЗ
852 ## - Местоположение
Форматна сигнатура Цб 237396
856 4# - Електронен адрес и достъп
Електронен формат pdf - файл
Път до файла /url/
856 4# - Електронен адрес и достъп
Електронен формат pdf - файл
Път до файла /url/
942 ## - АРТИКУЛИ
Вид на библиотечния материал Книги
Скрит в OPAC Не
Koha issues (borrowed), all copies 5
944 ## - СЪЗДАВАНЕ И РЕДАКЦИЯ на ЗАПИСА
Създаване/Редакция Създаване
Дата на регистрацията/редакция 05.12.2007
Служител, извършил регистрацията/редакцията Кети_Илиева
944 ## - СЪЗДАВАНЕ И РЕДАКЦИЯ на ЗАПИСА
Създаване/Редакция Редакция
Дата на регистрацията/редакция 21.11.2012
Служител, извършил регистрацията/редакцията
999 ## - СИСТЕМНИ КОНТРОЛНИ НОМЕРА
Koha biblionumber 75513
Koha biblioitemnumber 75513
Наличности
Код за отписване Код за изгубен артикул Код за повреда Коз за рестрикции Код за отдаване Артикулен № Име на библиотеката - собственик Име на библиотеката, в която се намира в момента Статус (Текущо местоположение) Дата на вписване в системата Местоположение - отдел Цена в лева Инвентарен номер Систематично азбучна сигнатура Баркод Номер на екземпляра Цена в евро Служебна бележка Служебен тип на артикула
  Не е изгубен Не е повреден без рестрикции ползва се в читалня 122599 Регионална библиотека "Любен Каравелов" Русе Регионална библиотека "Любен Каравелов" Русе Читалня 2007-11-30 Читалня 20.00 120000720825 Ч 338/Д 71 120000720825 1 10.23 Дост: Pk Вид: Ф N: 11788 Дата: 27.11.2007 Дата инв: 23.03.2017 Бележки инв: Ч2017 Книги
  Не е изгубен Не е повреден без рестрикции заемане за дома 122600 Регионална библиотека "Любен Каравелов" Русе Регионална библиотека "Любен Каравелов" Русе Заемна - подръчен фонд 2008-04-08 Заемна - подръчен фонд 20.00 120000725334 П 338/Д 71 120000725334 2 10.23 Дост: Pk Вид: Ф N: 2108 Дата: 03.04.2008 Дата инв: 05.02.2018 Бележки инв: П2018 Книги
  Не е изгубен Не е повреден без рестрикции ползва се в читалня 122601 Регионална библиотека "Любен Каравелов" Русе Регионална библиотека "Любен Каравелов" Русе Хранилище 2009-01-15 Хранилище 20.00 120000732692 Цб 237396 120000732692 3 10.23 Дост: Dp Вид: Д N: 33 Дата: 30.07.2008 Книги
Vip Innovations Ltd, Rousse, Bulgaria 2025